<?xml version="1.0" encoding="UTF-8"?>
<record
    xmlns:xsi="http://www.w3.org/2001/XMLSchema-instance"
    xsi:schemaLocation="http://www.loc.gov/MARC21/slim http://www.loc.gov/standards/marcxml/schema/MARC21slim.xsd"
    xmlns="http://www.loc.gov/MARC21/slim">

  <leader>04548nam a2200493Ia 4500</leader>
  <controlfield tag="001">dia_4708</controlfield>
  <controlfield tag="003">CHAP</controlfield>
  <controlfield tag="005">20241018131711.0</controlfield>
  <controlfield tag="007">ta</controlfield>
  <controlfield tag="008">220117s2010    mx ado fsm    001 0 spa d</controlfield>
  <datafield tag="010" ind1=" " ind2=" ">
    <subfield code="a">175435</subfield>
  </datafield>
  <datafield tag="040" ind1=" " ind2=" ">
    <subfield code="c">CHAP</subfield>
    <subfield code="a">mxchpua</subfield>
    <subfield code="e">rda</subfield>
  </datafield>
  <datafield tag="041" ind1="0" ind2=" ">
    <subfield code="a">spa</subfield>
    <subfield code="b">eng</subfield>
  </datafield>
  <datafield tag="090" ind1=" " ind2=" ">
    <subfield code="a">Tesis </subfield>
    <subfield code="b">C785 </subfield>
    <subfield code="c">2010</subfield>
  </datafield>
  <datafield tag="100" ind1="1" ind2=" ">
    <subfield code="a">Cruz Hern&#xE1;ndez, Maryl&#xFA;</subfield>
  </datafield>
  <datafield tag="240" ind1="1" ind2="0">
    <subfield code="a">Viscoelastic properties of low-fat yoghurt structured with multiple emulsions and emulsifier gels.</subfield>
    <subfield code="l">Espa&#xF1;ol</subfield>
  </datafield>
  <datafield tag="245" ind1="1" ind2="0">
    <subfield code="a">Propiedades viscoel&#xE1;sticas de yogur bajo en grasa estructurado con emulsiones multiples y geles de emulsificantes /</subfield>
    <subfield code="c">Maril&#xFA; Cruz Hern&#xE1;ndez</subfield>
  </datafield>
  <datafield tag="264" ind1=" " ind2=" ">
    <subfield code="a">Chapingo, M&#xE9;xico :</subfield>
    <subfield code="b">El autor,</subfield>
    <subfield code="c">2010</subfield>
  </datafield>
  <datafield tag="300" ind1=" " ind2=" ">
    <subfield code="a">xiii, 96 hojas :</subfield>
    <subfield code="b">ilustraciones, gr&#xE1;ficas, tablas, fotos +</subfield>
    <subfield code="e">1 CD-ROM</subfield>
  </datafield>
  <datafield tag="336" ind1=" " ind2=" ">
    <subfield code="2">rdacontent</subfield>
    <subfield code="a">texto</subfield>
    <subfield code="b">txt</subfield>
  </datafield>
  <datafield tag="337" ind1=" " ind2=" ">
    <subfield code="2">rdamedia</subfield>
    <subfield code="a">no mediado</subfield>
    <subfield code="b">n</subfield>
  </datafield>
  <datafield tag="338" ind1=" " ind2=" ">
    <subfield code="2">rdacarrier</subfield>
    <subfield code="a">volumen</subfield>
    <subfield code="b">nc</subfield>
  </datafield>
  <datafield tag="500" ind1=" " ind2=" ">
    <subfield code="a">El CD contiene reporte</subfield>
  </datafield>
  <datafield tag="502" ind1=" " ind2=" ">
    <subfield code="a">Tesis </subfield>
    <subfield code="b">(Maestro en Ciencias en Ciencia en Ingenier&#xED;a Agroindustrial) -- </subfield>
    <subfield code="c">UACh. Departamento de Ingenier&#xED;a Agroindustrial, </subfield>
    <subfield code="d">2010</subfield>
  </datafield>
  <datafield tag="504" ind1=" " ind2=" ">
    <subfield code="a">Bibliograf&#xED;a: hojas 83-96</subfield>
  </datafield>
  <datafield tag="520" ind1="3" ind2=" ">
    <subfield code="a">El objetivo de este trabajo fue determinar la composici&#xF3;n qu&#xED;mica general, sin&#xE9;resis, propiedades visoel&#xE1;sticas y la aceptabilidad de los atributos sensoriales de yogures bajos en grasa l&#xE1;ctea estructurados con una emulsi&#xF3;n m&#xFA;ltiple (EM) estabilizada con carboximetilcelulosa (CMC) y prote&#xED;na de suero concentrada (WPC) y/o con gel (G) de monoestearato de sorbitan (MS), en comparaci&#xF3;n con aquellas de un yogur control completo en grasa l&#xE1;ctea (YCG). Un yogur YCG (30 g of MF/L) y un yogur bajo en grasa YBG (10 g of MF/L) fueron preparados como controles. Tres yogures bajos en grasa l&#xE1;ctea fueron preparados (10 g of fat/L) usando leche adicionada con 71.43 g de EM (YEM), 120 g de G (YG) y 35.71 g de EM + 60 g de G (YEMG). La fase liquido cristalina formada por MS fue identificada como ?-gel por calorimetr&#xED;a diferencial de barrido. La composici&#xF3;n qu&#xED;mica general, las propiedades reol&#xF3;gicas, sin&#xE9;resis y atributos sensoriales de las variaciones de yogur fueron afectadas por la composici&#xF3;n de la leche usada para su preparaci&#xF3;n. El yogur YG conteniendo ?-gel present&#xF3; valores de sin&#xE9;resis y par&#xE1;metros reol&#xF3;gicos cercanos a aquellos mostrados por el yogur YCG. Adem&#xE1;s el yogur YG tuvo mayor calificaci&#xF3;n en la aceptabilidad sensorial, y contenido de grasa significativamente menor que el yogur YCG --</subfield>
  </datafield>
  <datafield tag="520" ind1="3" ind2=" ">
    <subfield code="a">The objective of this work was to determine the general chemical composition, syneresis, viscoelastic properties, and the acceptability of the sensory attributes of reduced milk-fat yoghurts structured with a multiple emulsion (ME) stabilized with carboxymethylcellulose (CMC) and whey protein concentrate (WPC) and/or with a gel (G) made up of sorbitan monostearate (MS) in comparison with those of a full milk-fat yoghurt control (YCG). A YCG yoghurt (30 g of MF/L), and a reduced milk-fat yoghurt (YBG, 10 g of MF/L) were prepared as controls. Three reduced milk-fat yoghurts were prepared (10 g of fat/L) using milk added with 71.43 g of ME (YEM), 120 g of G (YG), and 35.71 g of ME + 60 g of G (YEMG). The liquid crystalline phase formed by MS was identified as ?-gel by Differential Scanning Calorimetry. The general chemical composition, rheological properties, syneresis, and sensory attributes of the yoghurt variations were affected by the composition of the milk used for their preparation. The YG yoghurt containing ?-gel presented values of syneresis and rheological parameters close to those showed by the YCG yoghurt. In addition, the YG yoghurt had higher acceptability sensory scores, but significantly lower fat content than the YCG yoghurt.</subfield>
  </datafield>
  <datafield tag="650" ind1="1" ind2="3">
    <subfield code="a">Emulsificadores  </subfield>
    <subfield code="2">atg</subfield>
  </datafield>
  <datafield tag="650" ind1="1" ind2="3">
    <subfield code="a">Productos l&#xE1;cteos bajos en grasa  </subfield>
    <subfield code="2">atg</subfield>
  </datafield>
  <datafield tag="650" ind1="1" ind2="3">
    <subfield code="a">Yogur</subfield>
    <subfield code="x">Propiedades rheol&#xF3;gicas  </subfield>
    <subfield code="2">atg</subfield>
  </datafield>
  <datafield tag="650" ind1="1" ind2="3">
    <subfield code="a">Yogur</subfield>
    <subfield code="x">Viscoelasticidad  </subfield>
    <subfield code="2">atg</subfield>
  </datafield>
  <datafield tag="650" ind1="1" ind2="3">
    <subfield code="a">Emulsifiers</subfield>
    <subfield code="2">atg</subfield>
  </datafield>
  <datafield tag="650" ind1="1" ind2="3">
    <subfield code="a">Low fat dairy products  </subfield>
    <subfield code="2">atg</subfield>
  </datafield>
  <datafield tag="650" ind1="1" ind2="3">
    <subfield code="a">Yogur</subfield>
    <subfield code="x">Viscoelasticity  </subfield>
    <subfield code="2">atg</subfield>
  </datafield>
  <datafield tag="650" ind1="1" ind2="3">
    <subfield code="a">Yogurt</subfield>
    <subfield code="x">Rheological properties  </subfield>
    <subfield code="2">atg</subfield>
  </datafield>
  <datafield tag="700" ind1="1" ind2=" ">
    <subfield code="a">Lobato Calleros, Consuelo Silvia Olivia</subfield>
    <subfield code="e">director</subfield>
  </datafield>
  <datafield tag="700" ind1="1" ind2=" ">
    <subfield code="a">Aguirre Mandujano, Eleazar</subfield>
    <subfield code="e">asesor</subfield>
  </datafield>
  <datafield tag="700" ind1="1" ind2=" ">
    <subfield code="a">Vernon Carter, E. Jaime</subfield>
    <subfield code="e">asesor</subfield>
  </datafield>
  <datafield tag="856" ind1="4" ind2="1">
    <subfield code="u">http://10.13.5.2/tesis/111945.pdf</subfield>
    <subfield code="y">DESCARGAR PDF</subfield>
  </datafield>
  <datafield tag="901" ind1=" " ind2=" ">
    <subfield code="a">TESIS C785 2010</subfield>
  </datafield>
  <datafield tag="902" ind1=" " ind2=" ">
    <subfield code="a">M</subfield>
  </datafield>
  <datafield tag="905" ind1=" " ind2=" ">
    <subfield code="a">5132272010                          mx nml 8223223322spa16</subfield>
  </datafield>
  <datafield tag="942" ind1=" " ind2=" ">
    <subfield code="c">TESIS</subfield>
    <subfield code="2">Clasificaci&#xF3;n Universidad Aut&#xF3;noma Chapingo</subfield>
  </datafield>
  <datafield tag="999" ind1=" " ind2=" ">
    <subfield code="c">175435</subfield>
    <subfield code="d">175435</subfield>
  </datafield>
  <datafield tag="952" ind1=" " ind2=" ">
    <subfield code="0">0</subfield>
    <subfield code="1">0</subfield>
    <subfield code="2">local</subfield>
    <subfield code="4">0</subfield>
    <subfield code="5">5</subfield>
    <subfield code="7">0</subfield>
    <subfield code="8">TESIS</subfield>
    <subfield code="a">IA_</subfield>
    <subfield code="b">IA_</subfield>
    <subfield code="d">2022-01-18</subfield>
    <subfield code="e">El autor</subfield>
    <subfield code="l">1</subfield>
    <subfield code="o">Tesis C785 2010</subfield>
    <subfield code="p">1101004518</subfield>
    <subfield code="r">2024-10-24 15:09:53</subfield>
    <subfield code="s">2024-10-24</subfield>
    <subfield code="t">Ej. 2</subfield>
    <subfield code="w">2022-01-18</subfield>
    <subfield code="y">CD</subfield>
  </datafield>
  <datafield tag="952" ind1=" " ind2=" ">
    <subfield code="0">0</subfield>
    <subfield code="1">0</subfield>
    <subfield code="2">local</subfield>
    <subfield code="4">0</subfield>
    <subfield code="5">1</subfield>
    <subfield code="7">0</subfield>
    <subfield code="8">TESIS</subfield>
    <subfield code="a">IA_</subfield>
    <subfield code="b">IA_</subfield>
    <subfield code="d">2022-01-18</subfield>
    <subfield code="e">El autor</subfield>
    <subfield code="l">0</subfield>
    <subfield code="o">Tesis C785 2010</subfield>
    <subfield code="p">1101004421</subfield>
    <subfield code="r">2022-01-18 00:00:00</subfield>
    <subfield code="t">Ej. 1</subfield>
    <subfield code="w">2022-01-18</subfield>
    <subfield code="y">CD</subfield>
  </datafield>
  <datafield tag="952" ind1=" " ind2=" ">
    <subfield code="0">0</subfield>
    <subfield code="1">0</subfield>
    <subfield code="2">local</subfield>
    <subfield code="4">0</subfield>
    <subfield code="7">0</subfield>
    <subfield code="8">TesDigM</subfield>
    <subfield code="a">IA_</subfield>
    <subfield code="b">IA_</subfield>
    <subfield code="c">E_L</subfield>
    <subfield code="d">2024-10-18</subfield>
    <subfield code="e">El autor</subfield>
    <subfield code="l">0</subfield>
    <subfield code="p">1201004421</subfield>
    <subfield code="r">2024-10-18 14:15:11</subfield>
    <subfield code="w">2024-10-18</subfield>
    <subfield code="y">TD</subfield>
  </datafield>
</record>
